Quiz dos estados brasileiros - Tocantins - Statistics

Estatísticas Gerais
  • Esse quiz foi jogado 108 vezes
  • A pontuação média é 10 de 17
Estatísticas das Respostas
Dica Resposta % Correto
Capital Palmas
99%
3 cidades mais populosas Palmas
99%
O Tocantins foi emancipado desse estado em 1988 Goiás
92%
Bioma conhecido como a savana brasileira cerrado
81%
Rio que marca a divisa oeste do estado Araguaia
77%
Tipo de carne que corresponde a aprox. 25% das exportações do estado bovina
72%
Rio que atravessa o centro do estado Tocantins
66%
Maior ilha fluvial do mundo Ilha do Bananal
64%
3 cidades mais populosas Araguaína
62%
Produto agrícola que corresponde a aprox. 70% das exportações do estado soja
61%
Região ecoturística próxima da Bahia Jalapão
58%
3 cidades mais populosas Gurupi
53%
Duo de cantoras da nova geração da MPB Ana
45%
Duo de cantoras da nova geração da MPB Vitória
41%
Político gaúcho de extrema esquerda cuja coluna militar dos anos 20 atravessou o interior do país e possui um memorial no estado Luís Carlos Prestes
31%
Ponte de 8 km de comprimento com nome de um presidente da república Fernando Henrique Cardoso
27%
Movimento comunista que buscava fomentar uma revolução no período da ditadura militar Guerrilha do Araguaia
22%
Nenhum quiz correspondente encontrado
Distribuição das Pontuações
Porcentagem de Pessoas com Cada Pontuação
Percentil de Números Respondidos
Sua Pontuação Histórica
Você não jogou esse quiz